[Event "FIDE World Cup 2025"]
[Site "Goa, India"]
[Date "2025.11.01"]
[Round "1.33"]
[White "Mohammad Fahad, Rahman"]
[Black "Ivanchuk, Vasyl"]
[Result "0-1"]
[TimeControl ": 90 minutes for the first 40 moves, followed by 30 minutes for the rest of the gamewith an increment of 30 seconds per move starting from move 1"]
[WhiteFideId "10207791"]
[BlackFideId "14100010"]
[WhiteElo "2416"]
[BlackElo "2616"]

1. d4 {[%clk 01:30:57]} {[%emt 00:00:02]} Nf6 {[%clk 01:29:39]} {[%emt
00:01:22]} 2. c4 {[%clk 01:31:16]} {[%emt 00:00:11]} e6 {[%clk 01:30:03]}
{[%emt 00:00:04]} 3. Nf3 {[%clk 01:31:30]} {[%emt 00:00:16]} b6 {[%clk
01:30:30]} {[%emt 00:00:05]} 4. a3 {[%clk 01:30:33]} {[%emt 00:01:27]} Bb7
{[%clk 01:30:41]} {[%emt 00:00:19]} 5. Nc3 {[%clk 01:30:53]} {[%emt 00:00:09]}
d5 {[%clk 01:31:08]} {[%emt 00:00:03]} 6. Qa4+ {[%clk 01:30:19]} {[%emt
00:01:05]} Nbd7 {[%clk 01:27:16]} {[%emt 00:04:22]} 7. Bg5 {[%clk 01:20:52]}
{[%emt 00:09:56]} dxc4 {[%clk 01:24:00]} {[%emt 00:03:47]} 8. e4 {[%clk
01:15:30]} {[%emt 00:05:51]} a6 {[%clk 01:08:58]} {[%emt 00:15:32]} 9. Qxc4
{[%clk 01:10:46]} {[%emt 00:05:14]} b5 {[%clk 01:07:05]} {[%emt 00:02:24]} 10.
Qd3 {[%clk 01:08:22]} {[%emt 00:02:54]} c5 {[%clk 01:04:30]} {[%emt 00:03:05]}
11. d5 {[%clk 00:44:26]} {[%emt 00:24:25]} c4 {[%clk 00:56:22]} {[%emt
00:08:39]} 12. Qc2 {[%clk 00:40:05]} {[%emt 00:04:50]} Be7 {[%clk 00:54:43]}
{[%emt 00:02:08]} 13. O-O-O {[%clk 00:28:56]} {[%emt 00:11:40]} Nxd5 {[%clk
00:47:37]} {[%emt 00:07:36]} 14. exd5 {[%clk 00:26:41]} {[%emt 00:02:45]} Bxg5+
{[%clk 00:46:43]} {[%emt 00:01:24]} 15. Kb1 {[%clk 00:27:06]} {[%emt 00:00:06]}
Bf6 {[%clk 00:38:56]} {[%emt 00:08:17]} 16. h4 {[%clk 00:19:40]} {[%emt
00:07:56]} Bxc3 {[%clk 00:21:45]} {[%emt 00:17:41]} 17. dxe6 {[%clk 00:20:04]}
{[%emt 00:00:07]} fxe6 {[%clk 00:22:09]} {[%emt 00:00:05]} 18. Qxc3 {[%clk
00:18:57]} {[%emt 00:01:37]} O-O {[%clk 00:19:35]} {[%emt 00:03:04]} 19. Ng5
{[%clk 00:14:03]} {[%emt 00:05:23]} Qe7 {[%clk 00:16:40]} {[%emt 00:03:25]} 20.
Qc2 {[%clk 00:12:39]} {[%emt 00:01:55]} Nf6 {[%clk 00:15:27]} {[%emt 00:01:43]}
21. Re1 {[%clk 00:07:40]} {[%emt 00:05:30]} e5 {[%clk 00:13:46]} {[%emt
00:02:11]} 22. Be2 {[%clk 00:03:24]} {[%emt 00:04:45]} Bxg2 {[%clk 00:13:50]}
{[%emt 00:00:26]} 23. Rhg1 {[%clk 00:03:27]} {[%emt 00:00:27]} Bd5 {[%clk
00:14:18]} {[%emt 00:00:02]} 24. Bg4 {[%clk 00:01:42]} {[%emt 00:02:16]} e4
{[%clk 00:11:22]} {[%emt 00:03:25]} 25. Bf5 {[%clk 00:01:28]} {[%emt 00:00:44]}
Qe5 {[%clk 00:09:26]} {[%emt 00:02:24]} 26. Bxe4 {[%clk 00:01:49]} {[%emt
00:00:12]} Nxe4 {[%clk 00:09:31]} {[%emt 00:00:25]} 27. Nxe4 {[%clk 00:01:44]}
{[%emt 00:00:35]} Rae8 {[%clk 00:08:31]} {[%emt 00:01:29]} 28. f3 {[%clk
00:02:03]} {[%emt 00:00:10]} Qd4 {[%clk 00:04:53]} {[%emt 00:04:08]} 29. Rg5
{[%clk 00:00:54]} {[%emt 00:01:40]} Bxe4 {[%clk 00:03:17]} {[%emt 00:02:06]} 30.
fxe4 {[%clk 00:01:18]} {[%emt 00:00:06]} Rf2 {[%clk 00:03:25]} {[%emt
00:00:22]} 31. Rd1 {[%clk 00:00:40]} {[%emt 00:01:08]} Qf6 {[%clk 00:02:53]}
{[%emt 00:01:02]} 32. Qc1 {[%clk 00:00:47]} {[%emt 00:00:23]} Rxe4 {[%clk
00:02:05]} {[%emt 00:01:17]} 33. Rd7 {[%clk 00:00:56]} {[%emt 00:00:21]} Re7
{[%clk 00:01:01]} {[%emt 00:01:35]} 34. Rxe7 {[%clk 00:00:36]} {[%emt
00:00:50]} Qxe7 {[%clk 00:01:29]} 35. Qd1 {[%clk 00:00:53]} {[%emt 00:00:15]}
h6 {[%clk 00:00:43]} {[%emt 00:01:16]} 36. Rg4 {[%clk 00:01:12]} {[%emt
00:00:11]} Qf7 {[%clk 00:00:37]} {[%emt 00:00:34]} 37. Rg1 {[%clk 00:00:40]}
{[%emt 00:01:03]} Kh7 {[%clk 00:00:44]} {[%emt 00:00:24]} 38. Ka1 {[%clk
00:00:34]} {[%emt 00:00:36]} Qf6 {[%clk 00:00:47]} {[%emt 00:00:26]} 39. Qb1+
{[%clk 00:00:58]} {[%emt 00:00:07]} Qf5 {[%clk 00:00:50]} {[%emt 00:00:26]} 40.
Qe1 {[%clk 00:01:26]} {[%emt 00:00:03]} Rf4 {[%clk 00:00:36]} {[%emt 00:00:44]}
41. Ka2 {[%clk 00:25:37]} {[%emt 00:06:19]} Qf7 {[%clk 00:24:59]} {[%emt
00:06:06]} 42. Ka1 {[%clk 00:25:56]} {[%emt 00:00:12]} Rd4 {[%clk 00:25:09]}
{[%emt 00:00:16]} 43. Qe5 {[%clk 00:26:08]} {[%emt 00:00:21]} Rxh4 {[%clk
00:22:26]} {[%emt 00:03:14]} 0-1

[Event "FIDE World Cup 2025"]
[Site "Goa, India"]
[Date "2025.11.01"]
[Round "1.34"]
[White "Suleymanli, Aydin"]
[Black "Laohawirapap, Prin"]
[Result "1-0"]
[TimeControl ": 90 minutes for the first 40 moves, followed by 30 minutes for the rest of the gamewith an increment of 30 seconds per move starting from move 1"]
[WhiteFideId "13413937"]
[BlackFideId "6205003"]
[WhiteElo "2614"]
[BlackElo "2417"]

1. e4 {[%clk 01:30:54]} {[%emt 00:00:05]} e5 {[%clk 01:30:52]} {[%emt
00:00:08]} 2. Nf3 {[%clk 01:31:20]} {[%emt 00:00:04]} Nc6 {[%clk 01:31:13]}
{[%emt 00:00:09]} 3. Bc4 {[%clk 01:31:49]} {[%emt 00:00:03]} Nf6 {[%clk
01:31:28]} {[%emt 00:00:13]} 4. d3 {[%clk 01:32:14]} {[%emt 00:00:05]} Bc5
{[%clk 01:31:49]} {[%emt 00:00:08]} 5. Nc3 {[%clk 01:32:40]} {[%emt 00:00:05]}
a6 {[%clk 01:31:59]} {[%emt 00:00:19]} 6. a4 {[%clk 01:32:40]} {[%emt
00:00:32]} d6 {[%clk 01:31:08]} {[%emt 00:01:19]} 7. Be3 {[%clk 01:30:54]}
{[%emt 00:02:16]} Bxe3 {[%clk 01:28:10]} {[%emt 00:03:28]} 8. fxe3 {[%clk
01:31:20]} {[%emt 00:00:04]} O-O {[%clk 01:28:01]} {[%emt 00:00:37]} 9. O-O
{[%clk 01:31:43]} {[%emt 00:00:09]} Be6 {[%clk 01:25:42]} {[%emt 00:02:49]} 10.
b3 {[%clk 01:32:10]} {[%emt 00:00:04]} d5 {[%clk 01:21:35]} {[%emt 00:04:37]}
11. exd5 {[%clk 01:32:31]} {[%emt 00:00:09]} Nxd5 {[%clk 01:21:56]} {[%emt
00:00:08]} 12. Qe1 {[%clk 01:32:54]} {[%emt 00:00:07]} Nxc3 {[%clk 01:06:15]}
{[%emt 00:16:11]} 13. Qxc3 {[%clk 01:32:46]} {[%emt 00:00:39]} e4 {[%clk
01:06:11]} {[%emt 00:00:33]} 14. Bxe6 {[%clk 01:27:12]} {[%emt 00:06:05]} exf3
{[%clk 01:04:08]} {[%emt 00:02:32]} 15. Bh3 {[%clk 01:21:31]} {[%emt 00:06:11]}
fxg2 {[%clk 01:02:39]} {[%emt 00:01:59]} 16. Bxg2 {[%clk 01:21:59]} {[%emt
00:00:03]} Qg5 {[%clk 01:02:53]} {[%emt 00:00:15]} 17. Rf3 {[%clk 01:10:10]}
{[%emt 00:12:19]} Rae8 {[%clk 00:56:36]} {[%emt 00:06:47]} 18. Rg3 {[%clk
01:10:29]} {[%emt 00:00:12]} Qh6 {[%clk 00:56:32]} {[%emt 00:00:32]} 19. Qd2
{[%clk 00:59:23]} {[%emt 00:11:37]} f5 {[%clk 00:47:42]} {[%emt 00:09:19]} 20.
Rf1 {[%clk 00:57:39]} {[%emt 00:02:15]} Kh8 {[%clk 00:35:53]} {[%emt 00:12:19]}
21. d4 {[%clk 00:51:13]} {[%emt 00:06:57]} Qd6 {[%clk 00:29:05]} {[%emt
00:07:17]} 22. Qf2 {[%clk 00:41:59]} {[%emt 00:09:45]} Rf6 {[%clk 00:25:45]}
{[%emt 00:03:50]} 23. Rf3 {[%clk 00:38:25]} {[%emt 00:04:04]} Ref8 {[%clk
00:21:37]} {[%emt 00:04:38]} 24. c3 {[%clk 00:33:56]} {[%emt 00:04:59]} Ne7
{[%clk 00:16:16]} {[%emt 00:05:51]} 25. Qg3 {[%clk 00:27:36]} {[%emt 00:06:50]}
Nc8 {[%clk 00:10:26]} {[%emt 00:06:19]} 26. e4 {[%clk 00:14:19]} {[%emt
00:13:47]} fxe4 {[%clk 00:07:41]} {[%emt 00:03:15]} 27. Rxf6 {[%clk 00:14:41]}
{[%emt 00:00:09]} gxf6 {[%clk 00:07:38]} {[%emt 00:00:33]} 28. Qxd6 {[%clk
00:08:20]} {[%emt 00:06:51]} Nxd6 {[%clk 00:08:01]} {[%emt 00:00:06]} 29. c4
{[%clk 00:08:37]} {[%emt 00:00:14]} e3 {[%clk 00:03:37]} {[%emt 00:04:53]} 30.
Rf3 {[%clk 00:02:38]} {[%emt 00:06:29]} Re8 {[%clk 00:03:48]} {[%emt 00:00:19]}
31. Kf1 {[%clk 00:03:02]} {[%emt 00:00:06]} f5 {[%clk 00:00:46]} {[%emt
00:03:33]} 32. Ke2 {[%clk 00:02:26]} {[%emt 00:01:06]} Rg8 {[%clk 00:00:45]}
{[%emt 00:00:30]} 33. Bh3 {[%clk 00:02:40]} {[%emt 00:00:17]} Rg1 {[%clk
00:00:44]} {[%emt 00:00:31]} 34. c5 {[%clk 00:02:30]} {[%emt 00:00:41]} Nf7
{[%clk 00:00:53]} {[%emt 00:00:19]} 35. Rxf5 {[%clk 00:01:45]} {[%emt
00:01:15]} Rh1 {[%clk 00:00:37]} {[%emt 00:00:45]} 36. Rxf7 {[%clk 00:01:00]}
{[%emt 00:01:17]} Rxh2+ {[%clk 00:00:56]} {[%emt 00:00:11]} 37. Ke1 {[%clk
00:00:46]} {[%emt 00:00:44]} Rxh3 {[%clk 00:01:08]} {[%emt 00:00:19]} 38. Rxc7
{[%clk 00:01:13]} {[%emt 00:00:04]} Rh4 {[%clk 00:00:33]} {[%emt 00:01:04]} 39.
Rxb7 {[%clk 00:00:58]} {[%emt 00:00:45]} Rxd4 {[%clk 00:00:51]} {[%emt
00:00:11]} 40. c6 {[%clk 00:01:27]} {[%emt 00:00:03]} Rd8 {[%clk 00:30:00]}
{[%emt 00:00:50]} 1-0

[Event "FIDE World Cup 2025"]
[Site "Goa, India"]
[Date "2025.11.01"]
[Round "1.35"]
[White "Divya, Deshmukh"]
[Black "Kourkoulos-Arditis, Stamatis"]
[Result "0-1"]
[TimeControl ": 90 minutes for the first 40 moves, followed by 30 minutes for the rest of the gamewith an increment of 30 seconds per move starting from move 1"]
[WhiteFideId "35006916"]
[BlackFideId "4221990"]
[WhiteElo "2498"]
[BlackElo "2583"]

1. d4 {[%clk 01:30:53]} {[%emt 00:00:07]} Nf6 {[%clk 01:30:55]} {[%emt
00:00:05]} 2. c4 {[%clk 01:31:19]} {[%emt 00:00:05]} e6 {[%clk 01:31:03]}
{[%emt 00:00:21]} 3. Nc3 {[%clk 01:31:42]} {[%emt 00:00:06]} Bb4 {[%clk
01:31:27]} {[%emt 00:00:06]} 4. e3 {[%clk 01:32:01]} {[%emt 00:00:12]} O-O
{[%clk 01:31:38]} {[%emt 00:00:18]} 5. a3 {[%clk 01:32:25]} {[%emt 00:00:07]}
Bxc3+ {[%clk 01:31:08]} {[%emt 00:01:00]} 6. bxc3 {[%clk 01:32:51]} {[%emt
00:00:04]} d6 {[%clk 01:31:24]} {[%emt 00:00:14]} 7. Ne2 {[%clk 01:32:06]}
{[%emt 00:01:15]} c5 {[%clk 01:30:48]} {[%emt 00:01:06]} 8. Ng3 {[%clk
01:17:01]} {[%emt 00:15:35]} Nc6 {[%clk 01:30:28]} {[%emt 00:00:49]} 9. Be2
{[%clk 00:59:58]} {[%emt 00:17:34]} b6 {[%clk 01:26:58]} {[%emt 00:04:00]} 10.
O-O {[%clk 00:56:06]} {[%emt 00:04:22]} Ba6 {[%clk 01:25:51]} {[%emt 00:01:37]}
11. e4 {[%clk 00:55:16]} {[%emt 00:01:20]} Na5 {[%clk 01:20:10]} {[%emt
00:06:11]} 12. f4 {[%clk 00:49:47]} {[%emt 00:05:58]} cxd4 {[%clk 01:19:10]}
{[%emt 00:01:31]} 13. cxd4 {[%clk 00:48:29]} {[%emt 00:01:47]} Bxc4 {[%clk
01:19:29]} {[%emt 00:00:11]} 14. Bxc4 {[%clk 00:48:39]} {[%emt 00:00:21]} Nxc4
{[%clk 01:19:54]} {[%emt 00:00:05]} 15. f5 {[%clk 00:48:35]} {[%emt 00:00:34]}
e5 {[%clk 01:19:19]} {[%emt 00:01:04]} 16. Qe2 {[%clk 00:33:25]} {[%emt
00:15:41]} b5 {[%clk 01:05:45]} {[%emt 00:14:04]} 17. dxe5 {[%clk 00:18:07]}
{[%emt 00:15:49]} dxe5 {[%clk 01:02:43]} {[%emt 00:03:32]} 18. Rb1 {[%clk
00:12:30]} {[%emt 00:06:06]} Rb8 {[%clk 00:54:50]} {[%emt 00:08:24]} 19. Kh1
{[%clk 00:10:46]} {[%emt 00:02:13]} h6 {[%clk 00:49:11]} {[%emt 00:06:08]} 20.
Rb3 {[%clk 00:10:16]} {[%emt 00:01:01]} Rb6 {[%clk 00:48:26]} {[%emt 00:01:16]}
21. a4 {[%clk 00:07:04]} {[%emt 00:03:42]} a6 {[%clk 00:48:11]} {[%emt
00:00:44]} 22. axb5 {[%clk 00:05:43]} {[%emt 00:01:52]} axb5 {[%clk 00:48:36]}
{[%emt 00:00:05]} 23. Be3 {[%clk 00:02:42]} {[%emt 00:03:30]} Nxe3 {[%clk
00:46:37]} {[%emt 00:02:29]} 24. Qxe3 {[%clk 00:03:08]} {[%emt 00:00:04]} Qd6
{[%clk 00:31:15]} {[%emt 00:15:51]} 25. Rc1 {[%clk 00:03:35]} {[%emt 00:00:04]}
Rd8 {[%clk 00:28:16]} {[%emt 00:03:29]} 26. h3 {[%clk 00:03:55]} {[%emt
00:00:10]} Qd4 {[%clk 00:24:23]} {[%emt 00:04:23]} 27. Qxd4 {[%clk 00:02:48]}
{[%emt 00:01:38]} Rxd4 {[%clk 00:24:47]} 28. Rc5 {[%clk 00:03:01]} {[%emt
00:00:22]} Nxe4 {[%clk 00:24:25]} {[%emt 00:00:52]} 29. Rxe5 {[%clk 00:02:34]}
{[%emt 00:00:57]} Nxg3+ {[%clk 00:23:16]} {[%emt 00:01:39]} 30. Rxg3 {[%clk
00:03:03]} {[%emt 00:00:02]} b4 {[%clk 00:23:02]} {[%emt 00:00:43]} 31. Rb3
{[%clk 00:03:26]} {[%emt 00:00:08]} Rb7 {[%clk 00:20:44]} {[%emt 00:02:47]} 32.
Ra5 {[%clk 00:01:58]} {[%emt 00:01:58]} h5 {[%clk 00:18:46]} {[%emt 00:02:28]}
33. f6 {[%clk 00:00:51]} {[%emt 00:01:37]} g6 {[%clk 00:19:08]} {[%emt
00:00:08]} 34. Ra8+ {[%clk 00:00:59]} {[%emt 00:00:22]} Kh7 {[%clk 00:19:32]}
{[%emt 00:00:06]} 35. Re3 {[%clk 00:00:49]} {[%emt 00:00:40]} b3 {[%clk
00:15:46]} {[%emt 00:04:16]} 36. Ree8 {[%clk 00:00:47]} {[%emt 00:00:32]} Kh6
{[%clk 00:15:00]} {[%emt 00:01:15]} 37. Re5 {[%clk 00:00:35]} {[%emt 00:00:43]}
g5 {[%clk 00:14:57]} {[%emt 00:00:33]} 38. Ra1 {[%clk 00:00:49]} {[%emt
00:00:16]} b2 {[%clk 00:14:29]} {[%emt 00:00:58]} 39. Rb1 {[%clk 00:01:19]} Rc4
{[%clk 00:13:20]} {[%emt 00:01:38]} 40. Ree1 {[%clk 00:01:45]} {[%emt
00:00:04]} Kg6 {[%clk 00:12:58]} {[%emt 00:00:52]} 41. Kh2 {[%clk 00:27:38]}
{[%emt 00:04:36]} Rc2 {[%clk 00:40:49]} {[%emt 00:02:40]} 0-1

[Event "FIDE World Cup 2025"]
[Site "Goa, India"]
[Date "2025.11.01"]
[Round "1.36"]
[White "Vazquez, Facundo"]
[Black "Svane, Rasmus"]
[Result "0-1"]
[TimeControl ": 90 minutes for the first 40 moves, followed by 30 minutes for the rest of the gamewith an increment of 30 seconds per move starting from move 1"]
[WhiteFideId "3007669"]
[BlackFideId "4657101"]
[WhiteElo "2419"]
[BlackElo "2614"]

1. d4 {[%clk 01:30:56]} {[%emt 00:00:02]} Nf6 {[%clk 01:30:55]} {[%emt
00:00:07]} 2. c4 {[%clk 01:31:14]} {[%emt 00:00:11]} e6 {[%clk 01:31:23]}
{[%emt 00:00:04]} 3. g3 {[%clk 01:31:13]} {[%emt 00:00:30]} Bb4+ {[%clk
01:31:30]} {[%emt 00:00:23]} 4. Bd2 {[%clk 01:30:59]} {[%emt 00:00:44]} Be7
{[%clk 01:31:48]} {[%emt 00:00:12]} 5. Bg2 {[%clk 01:30:13]} {[%emt 00:01:15]}
d5 {[%clk 01:32:14]} {[%emt 00:00:05]} 6. Nf3 {[%clk 01:29:33]} {[%emt
00:01:10]} c6 {[%clk 01:32:41]} {[%emt 00:00:04]} 7. Qc2 {[%clk 01:26:44]}
{[%emt 00:03:18]} b6 {[%clk 01:32:52]} {[%emt 00:00:19]} 8. O-O {[%clk
01:13:18]} {[%emt 00:13:55]} Nbd7 {[%clk 01:33:10]} {[%emt 00:00:13]} 9. h4
{[%clk 01:08:00]} {[%emt 00:05:48]} O-O {[%clk 01:26:02]} {[%emt 00:07:38]} 10.
Nc3 {[%clk 01:05:31]} {[%emt 00:02:59]} Ba6 {[%clk 01:19:39]} {[%emt 00:06:53]}
11. cxd5 {[%clk 01:04:05]} {[%emt 00:01:56]} cxd5 {[%clk 01:19:59]} {[%emt
00:00:10]} 12. Bf4 {[%clk 01:03:20]} {[%emt 00:01:15]} b5 {[%clk 01:06:51]}
{[%emt 00:13:39]} 13. a4 {[%clk 00:42:10]} {[%emt 00:21:40]} b4 {[%clk
00:58:01]} {[%emt 00:09:20]} 14. Nb5 {[%emt 00:09:36]} Rc8 {[%clk 00:56:30]} 15.
Qb3 {[%clk 00:33:59]} {[%emt 00:01:35]} Qb6 {[%clk 00:50:44]} {[%emt 00:06:16]}
16. Rfe1 {[%clk 00:29:47]} {[%emt 00:04:42]} Nb8 {[%clk 00:36:08]} {[%emt
00:15:07]} 17. Ne5 {[%clk 00:21:12]} {[%emt 00:09:04]} Nc6 {[%clk 00:29:19]}
{[%emt 00:07:19]} 18. Nxc6 {[%clk 00:15:58]} {[%emt 00:05:44]} Rxc6 {[%clk
00:29:44]} {[%emt 00:00:05]} 19. Rec1 {[%clk 00:10:50]} {[%emt 00:05:38]} Rfc8
{[%clk 00:23:40]} {[%emt 00:06:34]} 20. Rxc6 {[%clk 00:10:13]} {[%emt
00:01:08]} Rxc6 {[%clk 00:24:09]} {[%emt 00:00:01]} 21. Bf1 {[%clk 00:09:21]}
{[%emt 00:01:21]} Bc8 {[%clk 00:17:37]} {[%emt 00:07:02]} 22. e3 {[%clk
00:05:17]} {[%emt 00:04:34]} a6 {[%clk 00:16:40]} {[%emt 00:01:28]} 23. a5
{[%clk 00:04:00]} {[%emt 00:01:47]} Qb7 {[%clk 00:17:04]} {[%emt 00:00:05]} 24.
Nc7 {[%clk 00:04:13]} {[%emt 00:00:18]} Rxc7 {[%clk 00:13:35]} {[%emt
00:04:00]} 25. Bxa6 {[%clk 00:03:48]} {[%emt 00:00:54]} Qc6 {[%clk 00:10:54]}
{[%emt 00:03:11]} 26. Bb5 {[%clk 00:02:41]} {[%emt 00:01:37]} Qxb5 {[%clk
00:11:11]} {[%emt 00:00:13]} 27. Bxc7 {[%clk 00:03:08]} {[%emt 00:00:03]} Ba6
{[%clk 00:10:31]} {[%emt 00:01:10]} 28. Rc1 {[%clk 00:02:54]} {[%emt 00:00:44]}
h6 {[%clk 00:09:21]} {[%emt 00:01:40]} 29. Bb6 {[%clk 00:01:03]} {[%emt
00:02:21]} Ne4 {[%clk 00:06:28]} {[%emt 00:03:24]} 30. Qd1 {[%clk 00:00:58]}
{[%emt 00:00:35]} b3 {[%clk 00:05:37]} {[%emt 00:01:22]} 31. Kg2 {[%clk
00:00:38]} {[%emt 00:00:50]} Bd6 {[%clk 00:04:54]} {[%emt 00:01:13]} 32. g4
{[%clk 00:00:33]} {[%emt 00:00:35]} Qa4 {[%clk 00:03:41]} {[%emt 00:01:42]} 33.
g5 {[%clk 00:00:31]} {[%emt 00:00:32]} hxg5 {[%clk 00:03:47]} {[%emt 00:00:25]}
34. f3 {[%clk 00:00:31]} {[%emt 00:00:29]} Qa2 {[%clk 00:03:30]} {[%emt
00:00:48]} 35. Rb1 {[%clk 00:30:00]} {[%emt 00:00:31]} 0-1

[Event "FIDE World Cup 2025"]
[Site "Goa, India"]
[Date "2025.11.01"]
[Round "1.1"]
[White "Grebnev, Aleksey"]
[Black "Quizon, Daniel"]
[Result "1-0"]
[TimeControl ": 90 minutes for the first 40 moves, followed by 30 minutes for the rest of the gamewith an increment of 30 seconds per move starting from move 1"]
[WhiteFideId "34189030"]
[BlackFideId "5217911"]
[WhiteElo "2611"]
[BlackElo "2420"]

1. e4 {[%clk 01:30:46]} {[%emt 00:00:13]} c5 {[%clk 01:30:47]} {[%emt
00:00:13]} 2. Nf3 {[%clk 01:31:02]} {[%emt 00:00:14]} g6 {[%clk 01:30:15]}
{[%emt 00:01:03]} 3. c3 {[%clk 01:30:36]} {[%emt 00:00:56]} Bg7 {[%clk
01:25:45]} {[%emt 00:04:59]} 4. d4 {[%clk 01:30:48]} {[%emt 00:00:19]} cxd4
{[%clk 01:24:35]} {[%emt 00:01:39]} 5. cxd4 {[%clk 01:31:07]} {[%emt 00:00:12]}
d6 {[%clk 01:24:36]} {[%emt 00:00:29]} 6. h3 {[%clk 01:30:09]} {[%emt
00:01:27]} Nf6 {[%clk 01:24:10]} {[%emt 00:00:56]} 7. Nc3 {[%clk 01:30:31]}
{[%emt 00:00:09]} O-O {[%clk 01:23:29]} {[%emt 00:01:11]} 8. Be2 {[%clk
01:29:12]} {[%emt 00:01:49]} Nc6 {[%clk 01:16:21]} {[%emt 00:07:38]} 9. Be3
{[%clk 01:26:17]} {[%emt 00:03:25]} e6 {[%clk 01:05:34]} {[%emt 00:11:18]} 10.
O-O {[%clk 01:26:09]} {[%emt 00:00:37]} h6 {[%clk 01:04:50]} {[%emt 00:01:14]}
11. Rc1 {[%clk 01:12:11]} {[%emt 00:14:28]} Kh7 {[%clk 01:00:58]} {[%emt
00:04:22]} 12. Qa4 {[%clk 01:05:01]} {[%emt 00:07:41]} a6 {[%clk 00:54:05]}
{[%emt 00:07:23]} 13. Rfd1 {[%clk 01:01:26]} {[%emt 00:04:05]} Ne7 {[%clk
00:41:17]} {[%emt 00:13:18]} 14. Qa3 {[%clk 01:00:10]} {[%emt 00:01:46]} Ne8
{[%clk 00:37:22]} {[%emt 00:04:26]} 15. e5 {[%clk 00:49:41]} {[%emt 00:10:59]}
Nf5 {[%clk 00:27:38]} {[%emt 00:10:13]} 16. Bf4 {[%clk 00:50:00]} {[%emt
00:00:12]} d5 {[%clk 00:26:19]} {[%emt 00:01:49]} 17. Bd3 {[%clk 00:46:45]}
{[%emt 00:03:44]} Ne7 {[%clk 00:20:08]} {[%emt 00:06:41]} 18. Qb3 {[%clk
00:41:01]} {[%emt 00:06:14]} Nc6 {[%clk 00:14:28]} {[%emt 00:06:11]} 19. Na4
{[%clk 00:40:38]} {[%emt 00:00:54]} Na5 {[%clk 00:10:36]} {[%emt 00:04:22]} 20.
Qb4 {[%clk 00:39:50]} {[%emt 00:01:17]} b5 {[%clk 00:10:04]} {[%emt 00:01:03]}
21. Nc5 {[%clk 00:39:56]} {[%emt 00:00:24]} Nc4 {[%clk 00:10:27]} {[%emt
00:00:07]} 22. Qc3 {[%clk 00:38:30]} {[%emt 00:01:56]} a5 {[%clk 00:07:33]}
{[%emt 00:03:25]} 23. b3 {[%clk 00:37:30]} {[%emt 00:01:30]} b4 {[%clk
00:07:53]} {[%emt 00:00:10]} 24. Qc2 {[%clk 00:37:54]} {[%emt 00:00:06]} Na3
{[%clk 00:07:25]} {[%emt 00:00:58]} 25. Qe2 {[%clk 00:38:18]} {[%emt 00:00:05]}
Bd7 {[%clk 00:04:22]} {[%emt 00:03:34]} 26. h4 {[%clk 00:38:22]} {[%emt
00:00:26]} Nc7 {[%clk 00:04:05]} {[%emt 00:00:48]} 27. Nxd7 {[%clk 00:37:33]}
{[%emt 00:01:18]} Qxd7 {[%clk 00:04:29]} {[%emt 00:00:06]} 28. h5 {[%clk
00:37:59]} {[%emt 00:00:04]} Kg8 {[%clk 00:03:16]} {[%emt 00:01:43]} 29. Qe3
{[%clk 00:37:59]} {[%emt 00:00:30]} g5 {[%clk 00:02:58]} {[%emt 00:00:48]} 30.
Nxg5 {[%clk 00:38:19]} {[%emt 00:00:10]} hxg5 {[%clk 00:03:11]} {[%emt
00:00:18]} 31. Bxg5 {[%clk 00:38:44]} {[%emt 00:00:05]} Rfc8 {[%clk 00:02:34]}
{[%emt 00:01:07]} 32. h6 {[%clk 00:38:28]} {[%emt 00:00:46]} Bh8 {[%clk
00:02:57]} {[%emt 00:00:07]} 33. h7+ {[%clk 00:38:43]} {[%emt 00:00:15]} Kf8
{[%clk 00:03:07]} {[%emt 00:00:20]} 34. Bf6 {[%clk 00:39:08]} {[%emt 00:00:05]}
1-0